Khí tượng học

Đã lưu trong:
Bibliografiske detaljer
Hovedforfatter: Khí tượng học
Format: Bog
Sprog:Undetermined
Udgivet: Hà Nội KHKT 1997
Fag:
Tags: Tilføj Tag
Ingen Tags, Vær først til at tagge denne postø!
Thư viện lưu trữ: Trung tâm Học liệu Trường Đại học Cần Thơ
LEADER 00505nam a2200193Ia 4500
001 CTU_28686
008 210402s9999 xx 000 0 und d
082 |a 551 
082 |b Kh300 
100 |a Khí tượng học 
245 0 |a Khí tượng học 
245 0 |c Trần Thư 
260 |a Hà Nội 
260 |b KHKT 
260 |c 1997 
526 |a Khí tượng thủy văn 
526 |b CN004 
650 |a meteorology 
980 |a Trung tâm Học liệu Trường Đại học Cần Thơ